Ríos de España con un mapa - Estadísticas

Estadísticas generales
  • Esta prueba ha sido intentada 9.056 veces
  • La puntuación promedio es 7 de 13
Respuestas en el mapa
Las respuestas están codificadas por una escala verde-roja en el mapa de la prueba según el % correcto abajo.
 
Estadísticas de respuestas
Ríos Longitud % Correcto
Río Ebro 928 km
97%
Río Guadalquivir 657 km
96%
Río Tajo 1007 km
95%
Río Guadiana 744 km
86%
Río Duero 897 km
83%
Río Miño 318 km
79%
Río Segura 325 km
60%
Río Júcar 498 km
55%
Río Pisuerga 280 km
29%
Río Genil 358 km
18%
Río Jarama 190 km
18%
Río Esla 288 km
14%
Río Jalón 224 km
12%
No se encontraron pruebas coincidentes
Distribución de puntuación
Porcentaje de gente con cada puntuación
Porcentaje por número respondido
Historial de tus puntuaciones
No has intentado esta prueba.